SAT Vocab 5 - Statistics

General Stats
  • This quiz has been taken 39 times
  • The average score is 8 of 22
Answer Stats
Answer Hint % Correct
Cacophony (n) harsh collection of noises
71%
Agility (n) nimbleness
64%
Colloquial (adj) informal, conversational style
64%
Adamant (adj) utterly unyielding in attitude or opinion
50%
Callous (adj) hardened and insensitive
50%
Deter (v) to discourage
50%
Adept (adj) proficient; expert; very skilled
43%
Calumny (n) a false and malicious statement designed to injure the reputation of someone or something
43%
Destitute (adj) lacking food, clothing, and shelter
43%
Charlatan (n) a flamboyant deceiver; a con artist
36%
Choleric (adj) extremely irritable or easily angered
36%
Compel (v) to bring about by force
36%
Conciliate (v) to win over; to placate
36%
Condemn (v) to indicate strong disapproval
36%
Debunk (v) to expose as false
36%
Assuage (v) to soothe
29%
Competent (adj) having sufficient skill or knowledge
29%
Conform (v) to follow the rules or customs of a group
29%
Amend (v) to alter or modify
14%
Byzantine (adj) intricate; complex
14%
Deplorable (adj) worthy of severe disapproval
14%
Deprecate (v) to express earnest disapproval of
14%
No matching quizzes found
Score Distribution
Percent of People with Each Score
Percentile by Number Answered
Your Score History
You have not taken this quiz